Auditing

Gespeichert in:
Bibliographische Detailangaben
1. Verfasser: Bobek, Vladimír
Weitere Verfasser: Šoupal, Petr
Format: Buch
Sprache:Tschechisch
Veröffentlicht: Brno Mendelova zemědělská a lesnická univerzita 1998
Schlagworte:
Tags: Tag hinzufügen
Keine Tags, Fügen Sie das erste Tag hinzu!

MARC

LEADER 00000nam a2200000 4500
001 c117214
005 20221109093151.5
020 |a 80-7157-328-0 
041 0 |a cze 
044 |a CZ 
245 1 0 |a Auditing  |c Vladimír Bobek, Petr Šoupal 
264 1 |a Brno  |b Mendelova zemědělská a lesnická univerzita  |c 1998 
300 |a 111 s. 
610 2 0 |a audit 
610 2 0 |a audítorstvo 
610 2 0 |a závierka účtovná 
610 2 0 |a etika podniková 
610 2 0 |a etika 
610 2 0 |a kontrola 
100 1 |a Bobek, Vladimír 
700 1 |a Šoupal, Petr